Wisconsin Airports by Identifier - Statistics

General Stats
  • This quiz has been taken 6 times
  • The average score is 20 of 66
Answer Stats
Hint Answer % Correct
KMKE General Mitchell International
100%
KATW Appleton International
83%
KMSN Dane County Regional/Truax Field
83%
KGRB Green Bay/Austin Straubel International
83%
KEAU Chippewa Valley Regional
67%
KFLD Fond du Lac County
67%
KLSE La Crosse Regional
67%
KSUW Richard I Bong
67%
KJVL Southern Wisconsin Regional
67%
KAUW Wausau Downtown
67%
KOSH Wittman Regional
67%
KDLL Baraboo/Wisconsin Dells Regional
50%
KRAC Batten International
50%
KSUE Door County Cherryland
50%
KASX John F. Kennedy Memorial
50%
KENW Kenosha Regional
50%
KSBM Sheboygan County Memorial International
50%
KUES Waukesha County
50%
KBCK Black River Falls Area
33%
KHXF Hartford Municipal
33%
KMWC Lawrence J Timmerman
33%
KMTW Manitowoc County
33%
KMFI Marshfield Municipal
33%
KEFT Monroe Municipal
33%
KRNH New Richmond Regional
33%
KOCQ Oconto/J Douglas Bake Municipal
33%
KPKF Park Falls Municipal
33%
KPVB Platteville Municipal
33%
KPDC Prairie Du Chien Municipal
33%
KRHI Rhinelander/Oneida County
33%
KRPD Rice Lake Regional/Carl's Field
33%
KHYR Sawyer County
33%
KSTE Stevens Point Municipal
33%
KMDZ Taylor County
33%
KPCZ Waupaca Municipal
33%
KISW Alexander Field South Wood County
17%
KBUU Burlington Municipal
17%
KCWA Central Wisconsin
17%
KUNU Dodge County
17%
KAIG Langlade County
17%
KLUM Menomonie Municipal/Score Field
17%
KRRL Merrill Municipal
17%
KVIQ Neillsville Municipal
17%
KPBH Price County
17%
KEZS Shawano Municipal
17%
KOLG Solon Springs Municipal
17%
KCMY Sparta/Fort Mc Coy
17%
KTKV Tomahawk Regional
17%
KRYV Watertown Municipal
17%
KETB West Bend Municipal
17%
KAHH Amery Municipal
0%
KOVS Boscobel
0%
KBDJ Boulder Junction Payzer
0%
KRZN Burnett County
0%
KCLI Clintonville Municipal
0%
KUBE Cumberland Municipal
0%
KEGV Eagle River Union
0%
KGTG Grantsburg Municipal
0%
KMRJ Iowa County
0%
KLNL Kings Land O' Lakes
0%
KARV Lakeland/Noble F Lee Memorial Field
0%
KOEO L O Simenstad Municipal
0%
KDAF Necedah
0%
KRCX Rusk County
0%
KSSQ Shell Lake Municipal
0%
KLNR Tri County Regional
0%
No matching quizzes found
Score Distribution
Percent of People with Each Score
Percentile by Number Answered
Your Score History
You have not taken this quiz